Fertilizantes y fertilización
| Main Author: | |
|---|---|
| Format: | Section = Libro |
| Language: | Undetermined Spanish |
| Published: |
Barcelona
Reverté
1988
|
| Subjects: |
| LEADER | 00594nam a2200229Ia 4500 | ||
|---|---|---|---|
| 008 | 240829s9999 xx 000 0 und d | ||
| 020 | |a 978-84-291-1010-4 | ||
| 040 | |a BIBLIOTECA-RUPAP 631.8 F493 | ||
| 041 | |a spa | ||
| 082 | |a 631.8 F493 | ||
| 100 | 1 | |a Finck, Arnold | |
| 245 | 1 | 0 | |a Fertilizantes y fertilización |
| 260 | |a Barcelona |b Reverté |c 1988 | ||
| 300 | |a 439 p. :il. | ||
| 650 | 7 | |a FERTILIZANTES | |
| 650 | 7 | |b ABONOS | |
| 650 | 7 | |c NUTRICION VEGETAL | |
| 650 | 7 | |d ANALISIS DE SUELOS | |
| 650 | 7 | |e SUELOS-FERTILIZANTES. I. Tít. | |
| 942 | |c BK |2 ddc | ||
| 991 | |a TEXTO | ||
| 999 | |c 9703 | ||